Least Densely Populated Countries - Statistics

General Stats
  • This quiz has been taken 58 times
  • The average score is 10 of 15
Answer Stats
Hint Answer % Correct
8/km2 Russia
98%
4/km2 Canada
96%
2/km2 Mongolia
94%
7/km2 Kazakhstan
89%
3/km2 Australia
81%
4/km2 Iceland
72%
4/km2 Libya
70%
3/km2 Namibia
64%
5/km2 Mauritania
60%
11/km2 Bolivia
53%
5/km2 Botswana
53%
9/km2 Central African Republic
51%
4/km2 Guyana
26%
4/km2 Suriname
26%
9/km2 Gabon
21%
No matching quizzes found
Score Distribution
Percent of People with Each Score
Percentile by Number Answered
Your Score History
You have not taken this quiz